TREATISE ON THE MAHARASHTRA VALUE ADDED (Record no. 9409)

MARC details
000 -LEADER
fixed length control field 00395nam a2200145Ia 4500
008 - FIXED-LENGTH DATA ELEMENTS--GENERAL INFORMATION
fixed length control field 240624s9999 xx 000 0 und d
041 ## - LANGUAGE CODE
Language code of text/sound track or separate title eng
082 ## - DEWEY DECIMAL CLASSIFICATION NUMBER
Classification number 336.2714 SHA
100 ## - MAIN ENTRY--PERSONAL NAME
Personal name PAREKH G D
245 ## - TITLE STATEMENT
Title TREATISE ON THE MAHARASHTRA VALUE ADDED
250 ## - EDITION STATEMENT
Edition statement (2nd ed.)
260 ## - PUBLICATION, DISTRIBUTION, ETC.
Date of publication, distribution, etc. 2008
Place of publication, distribution, etc. Mumbai
Name of publisher, distributor, etc. Snow White Publication Pvt. Ltd.
300 ## - PHYSICAL DESCRIPTION
Extent lxxx, : 1305 : p. : cm. ; 25
365 ## - TRADE PRICE
Currency code RS
Price amount 15
Holdings
Withdrawn status Lost status Damaged status Not for loan Home library Current library Shelving location Date acquired Source of acquisition Cost, normal purchase price Total Checkouts Total Holds Full call number Barcode Date due Date last seen Date last checked out Copy number Price effective from Koha item type
        IMTN IMTN Rack 12-B 08/08/2008 SLH 1295.00 1 31976 336.2714 SHA 9409 09/18/2024 07/06/2024 07/06/2024 1 06/24/2024 Books
Designed & Maintained by: LRC IMT Nagpur Contact: lrc@imtnag.ac.in© 2024. All Rights Reserved.